Statistics for match the country to the city-Europe

Click here to take the quiz!

General Stats

  • This quiz has been taken 67 times
  • The average score is 10 of 12

Answer Stats

HintAnswer% Correct
MunichGermany
96%
FlorenceItaly
96%
AthensGreece
95%
WroclawPoland
93%
BernSwitzerland
91%
NantesFrance
86%
RigaLatvia
86%
MalmoSweden
82%
SplitCroatia
75%
VigoSpain
58%
BragaPortugal
51%
BredaNetherlands
46%

Score Distribution

Percentile by Number Answered

Percent of People with Each Score

Your Score History

You have not taken this quiz